000 00743nam a2200265 i 4500
001 C2-0010062
003 PPAK
005 20190630221902.0
008 970128s1959 io |||| ||||| | may d
040 _aPPAK
_beng
_cPPAK
_erda
082 0 4 _a899.221
_223
090 0 0 _a899.221
_bSIM
_dKAM
090 0 0 _a899.221
_bSIM
_dKSA
090 0 0 _a899.221
_bSIM
_dKSI
100 1 _aSimandjuntak, B. Simorangkir,
_eauthor
245 1 0 _aKesusasteraan Indonesia II
264 1 _aDjakarta, Indonesia :
_bP.T. Pembangunan ,
_c1959
300 _a115 pages ;
_c22 cm
336 _2rdacontent
_atext
337 _2rdamedia
_aunmediated
338 _2rdacarrier
_avolume
500 _aTjetakan kesembilan
650 1 0 _aIndonesian literature
942 _ddc
_cB
999 _c2568
_d2568